Burger Brawl Characters (with Pictures) - Statistics

General Stats
  • This quiz has been taken 67 times
  • The average score is 17 of 23
Answer Stats
Picture Answer % Correct
Greeny
95%
Burger King
89%
Planty
86%
10
84%
Nicole
84%
PK
84%
Quicksand
78%
Cole
76%
Hyper
76%
Razu
76%
Redd
76%
Adventures
73%
G4J
73%
Irish
73%
West / Space
73%
Gery
70%
Logi
70%
Hoood / Nethr
68%
Tippers
68%
Kramson / Khun
65%
Fio / Tyce
62%
Brigid
57%
Vince
57%
No matching quizzes found
Score Distribution
Percent of People with Each Score
Percentile by Number Answered
Your Score History
You have not taken this quiz